000 01372cam a2200241 4500
001 ABS67730
008 040406n2004 000 0 eng u
035 _a(Sirsi) u125773
100 _aLevett, R.
245 _aHere the twister comes
260 _c2004
490 _aBuilding
_v269(8324) 19 March 2004, 50-52(3)
520 _aExamines extracts from the CABE/RIBA "Housing futures 2024", part of the Building Futures Programme to facilitate discussion on the future of housing. One scenario discussed is that of rapid climate change for the UK within the next decade which may force a drastic cut in the energy consumption of new housing. Also more social development of housing may occur including mutual, co-operative and schemes led by social landlords as well as affordable housing. As a result, commercial developers may suffer a relative decline. Another short extract discusses the different scenarios that could take place with the arrival of ever greater technological advances and this stresses the need for this area to be integrated into broader strategies to bring about desired societal outcomes.
590 _aABS
590 _aABS
650 _aCLIMATE CHANGE
650 _aFLOODING
650 _aHOUSING STRATEGIES
650 _aTRANSPORT AND THE ENVIRONMENT
690 _aHOUSING-DEVELOPMENT
700 _aGillespie, A.
942 _n0
999 _c117174
_d117174